| 000 | 00000nam 2200000zi 4500 |
| 001 | 9.945263 |
| 003 | CaOODSP |
| 005 | 20250718100605 |
| 006 | m o d f |
| 007 | cr mn||||||||| |
| 008 | 241118e20241220onc o f000 0 fre d |
| 020 | |a9780660745381 |
| 040 | |aCaOODSP|bfre|erda|cCaOODSP |
| 043 | |an-cn--- |
| 086 | 1 |aCS462-60002/2024-2F-PDF |
| 245 | 00|aRegistre national des adresses : |bguide de l'utilisateur. |
| 250 | |a[Édition du 20 décembre 2024]. |
| 264 | 1|a[Ottawa] : |bStatistique Canada = Statistics Canada, |cle 20 décembre 2024. |
| 264 | 4|c©2024 |
| 300 | |a1 ressource en ligne (7 pages non numérotées) |
| 336 | |atexte |btxt|2rdacontent/fre |
| 337 | |ainformatique|bc|2rdamedia/fre |
| 338 | |aressource en ligne|bcr|2rdacarrier/fre |
| 500 | |aPublié aussi en anglais sous le titre : National address register: user guide. |
| 500 | |a« N° 46-26-0002 au catalogue. » |
| 520 | |a« Le Registre national des adresses (RNA) établit une structure d'adresses normalisée et fournit une liste d'adresses municipales géoréférencées valides au Canada. Les adresses sont extraites du Registre statistique des immeubles de Statistique Canada et ont été validées par deux sources de données indépendantes. Les adresses ne divulguent l'dentité d'aucun des résidents ni des entreprises à l'adresse et, en tant que telles, sont considérées comme non confidentielles. ... » -- Sommaire, page [3]. |
| 650 | 6|aAdresses postales|zCanada|xStatistiques. |
| 710 | 2 |aStatistique Canada, |eorganisme de publication. |
| 775 | 08|tNational address register : |w(CaOODSP)9.945262 |
| 794 | |tRegistre national des adresses : |b[Édition du 18 juillet 2025]|w(CaOODSP)9.951999 |
| 795 | |tRegistre national des adresses : |b[Édition du 28 juin 2024]|w(CaOODSP)9.938754 |
| 856 | 40|qPDF|s450 Ko|uhttps://publications.gc.ca/collections/collection_2024/statcan/462600022024002-fra.pdf |
| 856 | 4 |qHTML|sS.O.|uhttps://www150.statcan.gc.ca/n1/pub/46-26-0002/462600022024002-fra.htm |
| 986 | |a46-26-0002 |